[Event "Championnat de France des Jeunes - Benja"]
[Site "NIMES"]
[Date "2012.04.14"]
[Round "1.1"]
[White "Dongu-Cuneo, Yann"]
[Black "Bellahcene, Bilel"]
[Result "0-1"]
[WhiteElo "1636"]
[BlackElo "2321"]
[PlyCount "91"]

1. g3 Nf6 2. Bg2 d5 3. c4 e6 4. Nc3 d4 5. Ne4 Nxe4 6. Bxe4 Nd7 7. d3 Bb4+ 8.
Bd2 Qe7 9. Bxb4 Qxb4+ 10. Qd2 a5 11. Bg2 Qd6 12. Nf3 O-O 13. O-O e5 14. Ng5 h6
15. Ne4 Qe7 16. Qc2 f5 17. Nd2 Nc5 18. Nb3 Ne6 19. Nd2 c6 20. Nf3 Qd6 21. Rac1
b6 22. Rfe1 Bb7 23. Nd2 Rf7 24. Nb3 c5 25. Bxb7 Rxb7 26. Nd2 Re8 27. Nf3 Rbe7
28. Nh4 Rf7 29. Qa4 Nc7 30. Ng2 f4 31. Qd1 Ref8 32. Rf1 Ne6 33. Qd2 Ng5 34. Nh4
Qe6 35. Nf3 Nxf3+ 36. exf3 fxg3 37. fxg3 Rxf3 38. Rxf3 Rxf3 39. Re1 Qf5 40. Qe2
Re3 41. Qf2 Qxd3 42. Rf1 Re2 43. Qf8+ Kh7 44. Rf7 Qb1+ 45. Rf1 Qc2 46. Rf7 0-1

[Event "Championnat de France des Jeunes - Benja"]
[Site "NIMES"]
[Date "2012.04.14"]
[Round "1.2"]
[White "Msellek, Ilyass"]
[Black "Lambert, Thomas"]
[Result "1-0"]
[WhiteElo "2173"]
[BlackElo "1627"]
[PlyCount "53"]

1. e4 e5 2. Nf3 Nc6 3. Bb5 Nf6 4. O-O Nxe4 5. d4 Nd6 6. Bxc6 dxc6 7. dxe5 Nf5
8. Qxd8+ Kxd8 9. b3 Ke8 10. Bb2 Be6 11. Nbd2 Rd8 12. h3 b6 13. Rad1 Be7 14. g4
Nh4 15. Nxh4 Bxh4 16. f4 g6 17. Kh2 Be7 18. f5 Bc8 19. e6 Rg8 20. Nc4 Rxd1 21.
Rxd1 fxe6 22. f6 Bc5 23. Ne5 Rf8 24. f7+ Ke7 25. Bc1 Rxf7 26. Bg5+ Kf8 27. Rd8+
1-0

[Event "Championnat de France des Jeunes - Benja"]
[Site "NIMES"]
[Date "2012.04.14"]
[Round "1.3"]
[White "Grimault, Nathan"]
[Black "Haussernot, Cecile"]
[Result "0-1"]
[WhiteElo "1621"]
[BlackElo "2101"]
[PlyCount "92"]

1. c4 e5 2. Nc3 Nf6 3. g3 c6 4. d4 exd4 5. Qxd4 d5 6. Bg5 Be7 7. Bg2 dxc4 8.
Qxc4 Be6 9. Qh4 Qa5 10. Nf3 O-O 11. O-O h6 12. Bd2 Re8 13. Ne4 Qb6 14. Nxf6+
Bxf6 15. Qb4 Qxb4 16. Bxb4 Bxb2 17. Rab1 Bf6 18. Bd6 b5 19. a3 Nd7 20. e4 Ba2
21. Rbc1 Bc4 22. Rfe1 Be7 23. e5 Rac8 24. Nd4 Bxd6 25. exd6 Nb8 26. Bh3 Rxe1+
27. Rxe1 Rd8 28. d7 Kf8 29. Rd1 c5 30. Nc2 Be6 31. Bxe6 fxe6 32. Rb1 a6 33. Re1
Kf7 34. Re5 Nxd7 35. Re4 Nf6 36. Re5 c4 37. Nb4 Nd7 38. Re2 Nc5 39. Re5 Nd3 40.
Nxd3 Rxd3 41. a4 c3 42. Rc5 b4 43. Kf1 b3 44. Ke2 b2 45. Rc7+ Kf6 46. Rb7 c2
0-1

[Event "Championnat de France des Jeunes - Benja"]
[Site "NIMES"]
[Date "2012.04.14"]
[Round "1.4"]
[White "Maulana, Kahfi"]
[Black "Perche, Louis"]
[Result "1-0"]
[WhiteElo "1987"]
[BlackElo "1618"]
[PlyCount "73"]

1. e4 c5 2. d3 Nc6 3. g3 g6 4. Bg2 Bg7 5. f4 d6 6. c3 e6 7. Nf3 Nge7 8. Be3 b6
9. Na3 d5 10. e5 Ba6 11. d4 cxd4 12. Nxd4 Qd7 13. Qa4 Na5 14. Nab5 Bxb5 15.
Qxb5 Nc4 16. Bf2 a6 17. Qxd7+ Kxd7 18. b3 Na5 19. O-O-O Rac8 20. Kb2 b5 21. g4
Nec6 22. Ne2 Bf8 23. Bg3 Bg7 24. Rhf1 Rhf8 25. h4 h6 26. Bf2 Nb7 27. c4 bxc4
28. bxc4 Nb4 29. a3 Rxc4 30. axb4 Rxb4+ 31. Ka3 a5 32. Rb1 Rxb1 33. Rxb1 Rb8
34. Ba7 Bf8+ 35. Ka2 Rc8 36. Rxb7+ Ke8 37. Rb8 1-0

[Event "Championnat de France des Jeunes - Benja"]
[Site "NIMES"]
[Date "2012.04.14"]
[Round "1.5"]
[White "Bedini, Lucas"]
[Black "Meunier, Clement"]
[Result "1/2-1/2"]
[WhiteElo "1617"]
[BlackElo "1975"]
[PlyCount "153"]

1. e4 e5 2. Nf3 Nc6 3. Bb5 a6 4. Bxc6 dxc6 5. d3 Bd6 6. Nc3 Bg4 7. h3 Bh5 8. g4
Bg6 9. h4 h5 10. g5 f5 11. gxf6 Nxf6 12. Bg5 Rf8 13. Rg1 Qd7 14. Bxf6 Rxf6 15.
Qe2 O-O-O 16. O-O-O Rdf8 17. Rg3 Qe7 18. Rdg1 Bf7 19. Ng5 Bc5 20. R1g2 Bg8 21.
Nf3 Be6 22. Nxe5 Rxf2 23. Rxf2 Rxf2 24. Qd1 Bh3 25. Rxh3 Qxe5 26. Rf3 b5 27. a3
Qh2 28. Rxf2 Bxf2 29. Qxh5 Qxh4 30. Qxh4 Bxh4 31. Kd1 Bf6 32. Ke2 Kd7 33. Ke3
c5 34. Kf4 Ke6 35. Nd1 a5 36. c3 a4 37. Ne3 c6 38. Ng4 g5+ 39. Ke3 Bg7 40. d4
cxd4+ 41. cxd4 c5 42. e5 cxd4+ 43. Kxd4 Kf5 44. Ne3+ Kf4 45. Nd5+ Kf3 46. Ne7
g4 47. Nf5 Bf8 48. Kd5 Kf4 49. Nd4 Ke3 50. e6 Kd3 51. Nxb5 g3 52. Nd4 Kd2 53.
Kc4 Ke1 54. Kd3 g2 55. Ne2 Kf2 56. Nf4 Kf3 57. Nxg2 Kxg2 58. Kc4 Kf3 59. Kb5
Ke4 60. Kxa4 Kd5 61. Kb5 Kxe6 62. a4 Kd5 63. a5 Bc5 64. b4 Bd4 65. Ka4 Kc6 66.
b5+ Kb7 67. Kb4 Bf2 68. Kc4 Be1 69. a6+ Kb6 70. Kd5 Bf2 71. Kc4 Bg1 72. Kb4 Bh2
73. Kc4 Bb8 74. Kb4 Bh2 75. Kc4 Bb8 76. Kb4 Bh2 77. Kc4 1/2-1/2

[Event "Championnat de France des Jeunes - Benja"]
[Site "NIMES"]
[Date "2012.04.15"]
[Round "2.1"]
[White "Bellahcene, Bilel"]
[Black "Marie, Florian"]
[Result "1-0"]
[WhiteElo "2321"]
[BlackElo "1704"]
[PlyCount "107"]

1. e4 c5 2. Nf3 d6 3. d4 cxd4 4. Qxd4 e5 5. Bb5+ Bd7 6. Bxd7+ Qxd7 7. Qd3 Nc6
8. Nc3 Nb4 9. Qe2 Qc6 10. O-O Nf6 11. Bg5 Be7 12. Bxf6 Bxf6 13. a3 Na6 14. Nd5
Bd8 15. b4 Nc7 16. Nxc7+ Bxc7 17. Qd3 O-O 18. Rfd1 b5 19. Nd2 a5 20. c4 Rfb8
21. Rac1 Bd8 22. c5 Be7 23. cxd6 Qxd6 24. Qxd6 Bxd6 25. Nb3 a4 26. Na5 Bf8 27.
Nc6 Re8 28. Rd5 Rec8 29. Rxb5 Rc7 30. Rxe5 Rac8 31. b5 Bxa3 32. Rc4 Rd8 33. Rd5
Rb8 34. g3 Rbc8 35. Rxa4 Bf8 36. Kg2 g6 37. Ra7 Rxa7 38. Nxa7 Rb8 39. Nc6 Rb7
40. h4 h5 41. f4 Kg7 42. Kf3 Kf6 43. g4 hxg4+ 44. Kxg4 Be7 45. h5 gxh5+ 46.
Rxh5 Rd7 47. Rf5+ Kg7 48. Nxe7 Rxe7 49. b6 Rxe4 50. Rb5 Re8 51. b7 Rb8 52. Kf5
Kf8 53. Kf6 Ke8 54. f5 1-0

[Event "Championnat de France des Jeunes - Benja"]
[Site "NIMES"]
[Date "2012.04.15"]
[Round "2.2"]
[White "Allard, Julien"]
[Black "Msellek, Ilyass"]
[Result "0-1"]
[WhiteElo "1728"]
[BlackElo "2173"]
[PlyCount "50"]

1. e4 c5 2. Nf3 Nc6 3. d4 cxd4 4. Nxd4 Nf6 5. Nc3 e6 6. Be3 Bb4 7. Bd3 d5 8.
O-O Bxc3 9. bxc3 dxe4 10. Bb5 Bd7 11. f3 Nd5 12. Qe1 Nxe3 13. Qxe3 Nxd4 14.
Bxd7+ Qxd7 15. cxd4 exf3 16. Rxf3 O-O 17. Rh3 Rfd8 18. c3 Qd5 19. Rf1 Rd7 20.
Qd3 h6 21. Rff3 Qxa2 22. g4 Qa3 23. Rf1 Qe7 24. Rh5 Rd5 25. Qh3 a5 0-1

[Event "Championnat de France des Jeunes - Benja"]
[Site "NIMES"]
[Date "2012.04.15"]
[Round "2.3"]
[White "Haussernot, Cecile"]
[Black "Deltour, Quentin"]
[Result "1-0"]
[WhiteElo "2101"]
[BlackElo "1695"]
[PlyCount "75"]

1. e4 c5 2. Nc3 a6 3. Nf3 e6 4. d4 cxd4 5. Nxd4 Qc7 6. Bd3 Nf6 7. O-O Nc6 8.
Nxc6 bxc6 9. Be3 Be7 10. f4 d6 11. Qf3 O-O 12. Rae1 c5 13. e5 Nd5 14. exd6 Bxd6
15. Nxd5 exd5 16. Qxd5 Be6 17. Qh5 g6 18. Qh6 f5 19. c4 Rf7 20. Bd2 Bd7 21. Rf3
Bf8 22. Qh4 Bg7 23. b3 Re8 24. Rff1 Qd6 25. Qg3 Rd8 26. Ba5 Re8 27. Kh1 Bd4 28.
a3 Rb8 29. Bc2 Bc6 30. h3 Qf6 31. Kh2 Bb2 32. Re2 Bxa3 33. Bc3 Qd8 34. Re6 Be4
35. Bxe4 fxe4 36. f5 g5 37. Rd1 Qf8 38. Qxg5+ 1-0

[Event "Championnat de France des Jeunes - Benja"]
[Site "NIMES"]
[Date "2012.04.15"]
[Round "2.4"]
[White "Vigna, Leo"]
[Black "Maulana, Kahfi"]
[Result "0-1"]
[WhiteElo "1711"]
[BlackElo "1987"]
[PlyCount "70"]

1. e4 e5 2. Nf3 Nc6 3. Bb5 Nd4 4. d3 Nxb5 5. Nxe5 d6 6. Nxf7 Kxf7 7. Qh5+ g6 8.
Qxb5 Qd7 9. Qc4+ Kg7 10. O-O Nf6 11. Bg5 Be7 12. Nc3 c6 13. Rae1 b5 14. Qd4 h6
15. Bh4 c5 16. Bxf6+ Bxf6 17. Qe3 Bb7 18. Qc1 Rae8 19. Ne2 d5 20. f3 Rhf8 21.
Ng3 b4 22. c4 dxc4 23. dxc4 Qd4+ 24. Kh1 Qxb2 25. Qxb2 Bxb2 26. Rb1 Ba3 27. Rf2
Bxe4 28. Nxe4 Rxe4 29. Rc2 Re3 30. Kg1 Rc3 31. Re2 Rxc4 32. Kf2 Rf7 33. Ke1 Rd4
34. Re3 c4 35. Rxa3 bxa3 0-1

[Event "Championnat de France des Jeunes - Benja"]
[Site "NIMES"]
[Date "2012.04.15"]
[Round "2.5"]
[White "Grolleau, Matteo"]
[Black "Veys, Vincent"]
[Result "0-1"]
[WhiteElo "1669"]
[BlackElo "1961"]
[PlyCount "49"]

1. e4 e5 2. Nf3 Nc6 3. Bb5 a6 4. Ba4 Nf6 5. O-O b5 6. Bb3 Bc5 7. d3 d6 8. Nc3
h6 9. h3 O-O 10. Bd2 Ne7 11. Re1 Ng6 12. Nd5 Be6 13. Nxf6+ Qxf6 14. Bxe6 fxe6
15. Be3 Ba7 16. Bxa7 Rxa7 17. Re3 c5 18. g3 d5 19. exd5 exd5 20. Qe2 d4 21.
Rxe5 Nxe5 22. Nxe5 Qe6 23. Re1 Re7 24. Kg2 Qd5+ 25. Qe4 0-1

[Event "Championnat de France des Jeunes - Benja"]
[Site "NIMES"]
[Date "2012.04.15"]
[Round "3.2"]
[White "Msellek, Ilyass"]
[Black "Pigeat, Alexandre"]
[Result "1-0"]
[WhiteElo "2173"]
[BlackElo "1858"]
[PlyCount "47"]

1. Nf3 Nf6 2. d4 g6 3. Nc3 Bg7 4. Bf4 d6 5. Qd2 O-O 6. Bh6 Nbd7 7. O-O-O Re8 8.
Bxg7 Kxg7 9. h4 Nb6 10. e4 Bg4 11. Be2 c6 12. e5 dxe5 13. Nxe5 Bxe2 14. Nxe2
Nbd5 15. Ng3 e6 16. h5 Ng8 17. Ne4 Ndf6 18. Ng5 Nxh5 19. g4 f6 20. gxh5 fxg5
21. h6+ Kf8 22. Nxg6+ Kf7 23. Ne5+ Kf6 24. Rdg1 1-0

[Event "Championnat de France des Jeunes - Benja"]
[Site "NIMES"]
[Date "2012.04.16"]
[Round "3.3"]
[White "Stark, Gabriel"]
[Black "Haussernot, Cecile"]
[Result "1-0"]
[WhiteElo "1800"]
[BlackElo "2101"]
[PlyCount "61"]

1. d4 Nf6 2. c4 e6 3. Nf3 c5 4. d5 b5 5. dxe6 fxe6 6. cxb5 d5 7. e3 Bd6 8. Nc3
Nbd7 9. Be2 O-O 10. O-O Bb7 11. b3 Qe7 12. Bb2 e5 13. Kh1 Rad8 14. Na4 Ng4 15.
Nc3 d4 16. exd4 e4 17. Ng5 Nxf2+ 18. Rxf2 Rxf2 19. Bc4+ Kh8 20. Qh5 g6 21. Qh6
e3 22. dxc5 Be5 23. c6 Ba8 24. Nd5 Qg7 25. Bxe5 Nxe5 26. Qxg7+ Kxg7 27. Ne6+
Kh6 28. Nxd8 Nxc4 29. bxc4 Rd2 30. Kg1 e2 31. Re1 1-0

[Event "Championnat de France des Jeunes - Benja"]
[Site "NIMES"]
[Date "2012.04.15"]
[Round "3.4"]
[White "Maulana, Kahfi"]
[Black "Roussel, Glenn"]
[Result "1-0"]
[WhiteElo "1987"]
[BlackElo "1815"]
[PlyCount "53"]

1. e4 c5 2. d3 e6 3. g3 d5 4. Nd2 Nc6 5. c3 d4 6. f4 g6 7. e5 f6 8. Qe2 fxe5 9.
fxe5 b5 10. a4 b4 11. Bg2 Bd7 12. cxb4 Nxb4 13. Nc4 Bc6 14. Bxc6+ Nxc6 15. Nf3
Qd5 16. O-O O-O-O 17. Ng5 Nh6 18. Ne4 Nb4 19. Bg5 Bg7 20. Rac1 Rdf8 21. Ncd6+
Kb8 22. Rxc5 Rxf1+ 23. Qxf1 Qb3 24. Rb5+ Ka8 25. Nc5 Qc2 26. Nxe6 Bxe5 27. Qf3+
1-0

[Event "Championnat de France des Jeunes - Benja"]
[Site "NIMES"]
[Date "2012.04.15"]
[Round "3.5"]
[White "Veys, Vincent"]
[Black "Poulet, Sebastien"]
[Result "1-0"]
[WhiteElo "1961"]
[BlackElo "1794"]
[PlyCount "63"]

1. e4 c5 2. Nf3 e6 3. d4 cxd4 4. Nxd4 Nf6 5. Nc3 d6 6. Be2 Nc6 7. O-O Be7 8.
Be3 O-O 9. f4 Bd7 10. Nb3 Rc8 11. Qe1 a6 12. Qg3 b5 13. a3 Na5 14. Nxa5 Qxa5
15. Rad1 Bc6 16. Bd3 Rfd8 17. e5 Nd5 18. Nxd5 Bxd5 19. f5 Bf8 20. Bh6 Kh8 21.
Bg5 Rd7 22. Qh4 Qb6+ 23. Kh1 h6 24. f6 Kg8 25. fxg7 Bxg7 26. Bxh6 Bxh6 27. Qxh6
Qb7 28. Bh7+ Kh8 29. Bg6+ Kg8 30. Qh7+ Kf8 31. Qh8+ Ke7 32. Rxf7# 1-0

[Event "Championnat de France des Jeunes - Benja"]
[Site "NIMES"]
[Date "2012.04.16"]
[Round "4.1"]
[White "Bellahcene, Bilel"]
[Black "Stark, Gabriel"]
[Result "1-0"]
[WhiteElo "2321"]
[BlackElo "1800"]
[PlyCount "63"]

1. d4 Nf6 2. c4 g6 3. Nc3 Bg7 4. g3 O-O 5. Bg2 d6 6. h3 Nbd7 7. e4 c5 8. d5 Nb6
9. Qb3 e6 10. Nge2 exd5 11. cxd5 Rb8 12. O-O Na8 13. a4 Nc7 14. Bf4 Nfe8 15.
Qa3 a5 16. Kh2 Na6 17. Nb5 Nb4 18. Qb3 f5 19. Rae1 g5 20. Bc1 g4 21. Nf4 Be5
22. Ne6 Bxe6 23. dxe6 Kh8 24. exf5 Rxf5 25. hxg4 Qh4+ 26. Bh3 c4 27. Qe3 Nc2
28. Qe2 Nxe1 29. Qxe1 Rg5 30. f4 Qh6 31. fxe5 dxe5 32. Rf5 1-0

[Event "Championnat de France des Jeunes - Benja"]
[Site "NIMES"]
[Date "2012.04.16"]
[Round "4.2"]
[White "Gautier, Selvan"]
[Black "Msellek, Ilyass"]
[Result "0-1"]
[WhiteElo "1899"]
[BlackElo "2173"]
[PlyCount "56"]

1. f4 d5 2. b3 Nf6 3. Nf3 e6 4. e3 Be7 5. Bb2 O-O 6. Be2 c5 7. O-O Nc6 8. Bb5
Na5 9. Ne5 a6 10. Be2 Nd7 11. Nxd7 Bxd7 12. d3 Bf6 13. Bxf6 Qxf6 14. d4 cxd4
15. Qxd4 Qe7 16. Nd2 Nc6 17. Qb2 e5 18. Rf2 Qc5 19. Nf3 exf4 20. exf4 Bf5 21.
Bd3 Be4 22. Ne5 Rfe8 23. Bf1 Nxe5 24. fxe5 Qc7 25. Re1 Rxe5 26. Re3 Rae8 27.
Rfe2 Qb6 28. Qc3 d4 0-1

[Event "Championnat de France des Jeunes - Benja"]
[Site "NIMES"]
[Date "2012.04.16"]
[Round "4.3"]
[White "Albaric, Etienne"]
[Black "Maulana, Kahfi"]
[Result "0-1"]
[WhiteElo "1783"]
[BlackElo "1987"]
[PlyCount "118"]

1. e4 e5 2. Nc3 Nc6 3. Bc4 Bc5 4. Qg4 Nd4 5. Qxg7 Qf6 6. Qxf6 Nxf6 7. Bb3 Rg8
8. Kf1 c6 9. f3 b5 10. Nce2 Nxb3 11. axb3 d5 12. d3 Be6 13. Bd2 O-O-O 14. Bc3
d4 15. Be1 Nd7 16. g4 h5 17. gxh5 Rh8 18. Ng3 Nf6 19. N1e2 Bh3+ 20. Kf2 Nxh5
21. Bd2 Rdf8 22. Rag1 Ng7 23. Bc1 f5 24. exf5 Nxf5 25. Nxf5 Bxf5 26. Ke1 Be6
27. Rg3 Bd5 28. Ng1 Be7 29. Ke2 Bh4 30. Rg4 Rfg8 31. h3 Be6 32. Rxg8+ Rxg8 33.
Kf1 c5 34. Rh2 c4 35. bxc4 bxc4 36. Rg2 Rxg2 37. Kxg2 cxd3 38. cxd3 Bf5 39. f4
exf4 40. Bxf4 Bxd3 41. Be5 Be4+ 42. Kf1 d3 43. Bf4 Kd7 44. Be3 a6 45. Bd2 Kc6
46. Ne2 Bg2+ 47. Kxg2 dxe2 48. Kf3 e1=Q 49. Bxe1 Bxe1 50. Ke2 Bh4 51. Kd3 Kb5
52. Kc3 a5 53. Kb3 a4+ 54. Ka3 Be7+ 55. Ka2 Kb4 56. Ka1 Kb3 57. Kb1 Bf6 58. h4
Bxb2 59. h5 a3 0-1

[Event "Championnat de France des Jeunes - Benja"]
[Site "NIMES"]
[Date "2012.04.16"]
[Round "4.4"]
[White "Jrade, Willis"]
[Black "Veys, Vincent"]
[Result "0-1"]
[WhiteElo "1670"]
[BlackElo "1961"]
[PlyCount "86"]

1. e4 e5 2. Nf3 Nc6 3. Bb5 a6 4. Bxc6 dxc6 5. d4 exd4 6. Qxd4 Qxd4 7. Nxd4 g6
8. c3 Bg7 9. Be3 Ne7 10. O-O c5 11. Ne2 b6 12. f3 Bb7 13. Na3 O-O-O 14. Rfd1
Nc6 15. Bf4 Rhe8 16. Kf2 Ne5 17. Bxe5 Bxe5 18. Nc4 Bg7 19. Ne3 Bh6 20. Ng4 Bg5
21. Rxd8+ Rxd8 22. Ne3 Bc6 23. f4 Bh6 24. e5 Rd2 25. b3 Bxf4 26. Nc4 Rc2 27.
Na3 Rxe2+ 28. Kxe2 Bxe5 29. Rf1 f5 30. g3 Bxc3 31. Nb1 Bb5+ 32. Kf3 Bxf1 33.
Nxc3 Kd7 34. Nd5 Kd6 35. Nf6 Bd3 36. Nxh7 Bb1 37. a3 Bc2 38. b4 cxb4 39. axb4
a5 40. bxa5 bxa5 41. Ke3 a4 42. Kd2 Bb3 43. Nf8 Bf7 0-1

[Event "Championnat de France des Jeunes - Benja"]
[Site "NIMES"]
[Date "2012.04.16"]
[Round "4.5"]
[White "Amghar, Ismael"]
[Black "Grezels, Florian"]
[Result "1-0"]
[WhiteElo "1692"]
[BlackElo "1859"]
[PlyCount "63"]

1. e4 d6 2. Nc3 Nf6 3. f4 Nbd7 4. Nf3 e5 5. Bc4 h6 6. d3 Be7 7. O-O O-O 8. Kh1
c6 9. a3 Qc7 10. Nh4 Nb6 11. Bb3 Kh8 12. fxe5 dxe5 13. Nf5 Bxf5 14. Rxf5 Nbd7
15. Be3 Nc5 16. Ba2 Qd6 17. Qe2 Ne6 18. Raf1 Nd4 19. Bxd4 Qxd4 20. Qf3 Rad8 21.
Qg3 Rde8 22. Qh3 Kh7 23. g4 g6 24. g5 gxf5 25. Qxh6+ Kg8 26. gxf6 Bxf6 27. Qg6+
Kh8 28. Qxf6+ Kh7 29. Rg1 Qxg1+ 30. Kxg1 Rg8+ 31. Kf2 Ref8 32. Bxf7 1-0

[Event "Championnat de France des Jeunes - Benja"]
[Site "NIMES"]
[Date "2012.04.17"]
[Round "5.1"]
[White "Maulana, Kahfi"]
[Black "Bellahcene, Bilel"]
[Result "1/2-1/2"]
[WhiteElo "1987"]
[BlackElo "2321"]
[Annotator "Rivier,Sylvain"]
[PlyCount "125"]

1. e4 e6 2. d3 c5 3. Nd2 Nc6 4. g3 g6 5. Bg2 Bg7 6. Ngf3 Nge7 7. O-O O-O 8. c3
d6 9. Nb3 e5 10. d4 cxd4 11. cxd4 Bg4 12. d5 Nb8 13. h3 Bxf3 14. Qxf3 f5 15.
Qd3 a5 16. Be3 a4 17. Nd2 f4 18. gxf4 exf4 19. Bd4 Bxd4 20. Qxd4 Nd7 21. Nf3
Qb6 22. Qxb6 Nxb6 23. Rac1 Rfc8 24. Nd4 Rc4 25. Rxc4 Nxc4 26. b3 axb3 27. axb3
Ne5 28. Rc1 Rc8 29. Rxc8+ Nxc8 30. h4 Kf7 31. Ne6 f3 32. Ng5+ Kf6 33. Bh3 Na7
34. Nxh7+ Kg7 35. Ng5 Nb5 36. Bc8 b6 37. Kh2 Nc3 38. Bh3 Kf6 39. Bg4 Nd3 40.
Kg3 Nc5 41. Kxf3 Nxb3 42. Ke3 b5 43. f4 b4 44. Nf3 Nd4 45. e5+ Ke7 46. Kxd4
Ne2+ 47. Kc4 Nxf4 48. exd6+ Kxd6 49. Kxb4 Nxd5+ 50. Ka3 Nf6 51. h5 Nxh5 52. Nh4
Nf4 53. Nxg6 Nxg6 54. Bf3 Ke5 55. Be2 Nf4 56. Bc4 Kd4 57. Kb4 Ng2 58. Bb5 Ne3
59. Ka5 Nd5 60. Bc6 Nc7 61. Kb6 Ne8 62. Bb7 Ke5 63. Bc8 {suite illisible}
1/2-1/2

[Event "Championnat de France des Jeunes - Benja"]
[Site "NIMES"]
[Date "2012.04.17"]
[Round "5.2"]
[White "Msellek, Ilyass"]
[Black "Veys, Vincent"]
[Result "1-0"]
[WhiteElo "2173"]
[BlackElo "1961"]
[PlyCount "109"]

1. c4 e5 2. Nc3 Nc6 3. g3 Bb4 4. Nd5 Bc5 5. Bg2 Nge7 6. e3 Nxd5 7. cxd5 Ne7 8.
Ne2 d6 9. d4 Bb4+ 10. Bd2 Bxd2+ 11. Qxd2 O-O 12. Qc3 exd4 13. Nxd4 Bd7 14. O-O
c5 15. dxc6 bxc6 16. Rfd1 Rc8 17. Nb3 Qc7 18. Qd3 d5 19. Nc5 Rfd8 20. Qc3 Be6
21. b4 Ng6 22. Rac1 Nf8 23. a4 Nd7 24. Nxd7 Qxd7 25. Qc5 Qb7 26. Rd4 Qb6 27. a5
Qxc5 28. Rxc5 Kf8 29. Bf1 Ke7 30. Rd1 Rb8 31. Rxc6 Rxb4 32. a6 Rd6 33. Rc7+ Rd7
34. Rdc1 Rb6 35. Bd3 Kd6 36. Rc8 Re7 37. Rh8 h6 38. Rg8 f6 39. Rd8+ Rd7 40.
Rcc8 Rc6 41. Rxc6+ Kxc6 42. Rb8 Rc7 43. Kf1 Rc8 44. Rb1 Kc7 45. Rb7+ Kc6 46.
Rxg7 Rc7 47. Rg6 Rf7 48. Rxh6 Kb6 49. Rh8 Rc7 50. Rb8+ Kc5 51. Bb5 Kd6 52. Rb7
Rc1+ 53. Ke2 Rc2+ 54. Ke1 Rb2 55. Bd3 1-0

[Event "Championnat de France des Jeunes - Benja"]
[Site "NIMES"]
[Date "2012.04.17"]
[Round "5.3"]
[White "Amghar, Ismael"]
[Black "Le Menelec, Erwan-Son"]
[Result "1/2-1/2"]
[WhiteElo "1692"]
[BlackElo "1741"]
[PlyCount "125"]

1. e4 e5 2. Nf3 d6 3. Bc4 c6 4. d4 Nd7 5. dxe5 dxe5 6. Ng5 Nh6 7. Qf3 Qf6 8.
Nc3 Bb4 9. O-O Qxf3 10. Nxf3 Ng4 11. a3 Bxc3 12. bxc3 Ngf6 13. Re1 O-O 14. Bg5
Re8 15. Rad1 Nb6 16. Bb3 Bg4 17. Rd3 Nbd7 18. h3 Bh5 19. Bxf6 Nxf6 20. Nd2 Bg6
21. f3 Re7 22. Kf2 Nd7 23. Nf1 Nc5 24. Rd2 Kf8 25. Ne3 f6 26. Red1 Rae8 27. g4
Rc7 28. Nf5 Bxf5 29. gxf5 g6 30. fxg6 hxg6 31. Rd6 Ke7 32. Ke3 Rh8 33. R6d2 Rd7
34. Rxd7+ Nxd7 35. Rh1 g5 36. Kf2 Nf8 37. Kg3 Ng6 38. Rh2 Rh4 39. Bc4 Nf4 40.
Bf1 Kd6 41. Rd2+ Kc7 42. Rd1 b5 43. a4 a6 44. axb5 cxb5 45. Ra1 Kb6 46. c4 bxc4
47. Ra4 Kb5 48. Rxc4 Rxh3+ 49. Bxh3 Kxc4 50. Bf1+ Kc3 51. Bxa6 Nh5+ 52. Kg4 Ng7
53. Bd3 Kd2 54. Kg3 Ke3 55. Ba6 Ne6 56. c4 Kd4 57. Kg4 Ng7 58. Bb5 Kc5 59. Ba6
Kc6 60. Bb5+ Kc5 61. Ba6 Kc6 62. Bb5+ Kc5 63. Ba6 1/2-1/2

[Event "Championnat de France des Jeunes - Benja"]
[Site "NIMES"]
[Date "2012.04.17"]
[Round "5.4"]
[White "Poulet, Sebastien"]
[Black "Haussernot, Cecile"]
[Result "1/2-1/2"]
[WhiteElo "1794"]
[BlackElo "2101"]
[PlyCount "118"]

1. e4 c5 2. Nf3 d6 3. Bb5+ Nd7 4. d4 a6 5. Bxd7+ Bxd7 6. dxc5 dxc5 7. Nc3 e6 8.
Ne5 Nf6 9. Bg5 Be7 10. Qe2 Qc7 11. Nxd7 Qxd7 12. Rd1 Qc6 13. O-O O-O 14. Bxf6
Bxf6 15. e5 Be7 16. Ne4 Rad8 17. f4 Rd4 18. Rxd4 cxd4 19. Qd3 Rd8 20. Rd1 h6
21. h3 b5 22. Kh1 Qd5 23. Ra1 a5 24. Nd2 Bb4 25. Nf3 Kh8 26. h4 Kg8 27. Kh2 Be7
28. h5 f5 29. Nd2 Bh4 30. g3 Be7 31. Qb3 Qc6 32. Qd3 Kf7 33. Rg1 Rc8 34. Rc1
Bc5 35. Qf3 Bb4 36. Qxc6 Rxc6 37. Nf3 Bc5 38. Kg2 Bb6 39. Kf1 Rc8 40. Ke2 Ke7
41. Kd3 Rd8 42. Rd1 Rd5 43. Rg1 Rd8 44. Rd1 Rd7 45. Rg1 Rd8 46. Rd1 Kf7 47. Rg1
g6 48. hxg6+ Kxg6 49. Rh1 a4 50. a3 Ba7 51. Rh2 Kg7 52. Rh1 Bc5 53. Ra1 Kg6 54.
Rh1 Kg7 55. Ra1 Kg6 56. Rh1 Kg7 57. Ra1 Kg6 58. Rh1 Kg7 59. Ra1 Kg6 1/2-1/2

[Event "Championnat de France des Jeunes - Benja"]
[Site "NIMES"]
[Date "2012.04.17"]
[Round "5.5"]
[White "Ginovart, Axel"]
[Black "Meunier, Clement"]
[Result "0-1"]
[WhiteElo "1791"]
[BlackElo "1975"]
[PlyCount "92"]

1. d4 d5 2. c4 e6 3. Nc3 c6 4. e4 Bb4 5. cxd5 cxd5 6. e5 Ne7 7. a3 Bxc3+ 8.
bxc3 Nbc6 9. Bd3 Nf5 10. Ne2 O-O 11. Ng3 f6 12. exf6 Qxf6 13. Nxf5 exf5 14. O-O
f4 15. Be2 Kh8 16. Bf3 Ne7 17. Re1 Qg5 18. Re5 Qf6 19. Bxf4 Ng6 20. Bg5 Qc6 21.
Re2 Qxc3 22. Bxd5 h6 23. Be3 Ne7 24. Bf3 Nf5 25. Qc1 Qd3 26. Qd2 Qa6 27. Qb4
Qf6 28. Rd1 Nh4 29. Be4 Bg4 30. f3 Rae8 31. Qxb7 Re7 32. Qc6 Re6 33. Qd5 Rd8
34. Qa5 Rxe4 35. Bg5 hxg5 36. Rxe4 Bf5 37. Re5 Rc8 38. Rd2 g4 39. Kf2 gxf3 40.
g3 Rc1 41. Qd5 Kh7 42. Qb5 Qg5 43. Qb2 Rh1 44. gxh4 Qg2+ 45. Ke3 Re1+ 46. Re2
Rxe2+ 0-1

[Event "Championnat de France des Jeunes - Benja"]
[Site "NIMES"]
[Date "2012.04.18"]
[Round "6.1"]
[White "Bellahcene, Bilel"]
[Black "Msellek, Ilyass"]
[Result "1-0"]
[WhiteElo "2321"]
[BlackElo "2173"]
[Annotator "Rivier,Sylvain"]
[PlyCount "80"]

1. d4 Nf6 2. Nf3 g6 3. c4 Bg7 4. Nc3 O-O 5. e4 d6 6. Be2 Na6 7. O-O e5 8. Re1
exd4 9. Nxd4 c6 10. Nb3 Qe7 11. Bf1 Rd8 12. Bg5 h6 13. Bh4 g5 14. Bg3 Ng4 15.
Nd4 Qf6 16. Nf5 Bxf5 17. exf5 Qxf5 18. Bd3 Qd7 19. Qf3 Ne5 20. Bxe5 Bxe5 21.
Bf5 Qe7 22. Qg4 Qf8 23. Ne4 Nc7 24. h4 f6 25. Rad1 Qf7 26. Ng3 Re8 27. Nh5 Ne6
28. Rxd6 Ng7 29. Nxg7 Kxg7 30. Rd7 Re7 31. hxg5 hxg5 32. Be6 Qf8 33. Red1 Rae8
34. Bf5 Qh8 35. g3 Bc7 36. Kg2 Qg8 37. R7d2 Qf8 38. b3 Re1 39. Qd4 Qh8 40. Bh3
b6 {suite illisible} 1-0

[Event "Championnat de France des Jeunes - Benja"]
[Site "NIMES"]
[Date "2012.04.18"]
[Round "6.2"]
[White "Meunier, Clement"]
[Black "Maulana, Kahfi"]
[Result "1-0"]
[WhiteElo "1975"]
[BlackElo "1987"]
[PlyCount "99"]

1. d4 Nf6 2. c4 e5 3. dxe5 Ne4 4. Nf3 Nc6 5. a3 a5 6. e3 Nc5 7. Bd3 Qe7 8. Bc2
Nxe5 9. Nxe5 Qxe5 10. Nc3 c6 11. Qe2 b6 12. Bd2 a4 13. Rc1 Qe6 14. Bd1 Nb3 15.
Bxb3 axb3 16. Qd3 Ba6 17. Ne2 d5 18. Qxb3 Bxc4 19. Qxb6 Qc8 20. Qd4 c5 21. Rxc4
cxd4 22. Rxc8+ Rxc8 23. Nxd4 Bc5 24. Nf5 Bf8 25. O-O g6 26. Nd4 Bg7 27. Bc3 O-O
28. g3 Rc4 29. Rd1 Rb8 30. Kg2 Bf8 31. Rd3 Rbc8 32. Ne2 Bg7 33. Rxd5 Bxc3 34.
Nxc3 Rb8 35. Rb5 Rxb5 36. Nxb5 Rc2 37. b4 Rb2 38. Nd4 Ra2 39. b5 Rxa3 40. Kf3
f5 41. g4 Kf7 42. b6 fxg4+ 43. Kg3 Ra6 44. b7 Rb6 45. Nc6 Kf6 46. b8=Q Rxb8 47.
Nxb8 Kg5 48. Nc6 h5 49. Nd4 h4+ 50. Kg2 1-0